The Indian English Novel (Record no. 4800)
[ view plain ]
| 000 -LEADER | |
|---|---|
| fixed length control field | 00454nam a2200205Ia 4500 |
| 003 - CONTROL NUMBER IDENTIFIER | |
| control field | IN-BhIIT |
| 005 - DATE AND TIME OF LATEST TRANSACTION | |
| control field | 20190804094214.0 |
| 008 - FIXED-LENGTH DATA ELEMENTS--GENERAL INFORMATION | |
| fixed length control field | 151211s9999 xx 000 0 und d |
| 040 ## - CATALOGING SOURCE | |
| Original cataloging agency | IN-BhIIT |
| 041 ## - LANGUAGE CODE | |
| Language code of text | eng |
| 082 ## - DEWEY DECIMAL CLASSIFICATION NUMBER | |
| Classification number | 823.954 |
| Book number | GOP/T |
| 100 ## - MAIN ENTRY--AUTHOR NAME | |
| Personal name | Gopal |
| 245 #4 - TITLE STATEMENT | |
| Title | The Indian English Novel |
| Sub Title | Nathan, History & Narration |
| Statement of responsibility, etc | by Priyamvada Gopal |
| 300 ## - PHYSICAL DESCRIPTION | |
| Number of Pages | 1 |
| 942 ## - ADDED ENTRY ELEMENTS (KOHA) | |
| Koha issues (borrowed), all copies | 2 |
| Koha item type | General Books |
| Withdrawn status | Lost status | Damaged status | Not for loan | Home library | Current library | Date acquired | Full call number | Accession Number | Price effective from | Koha item type |
|---|---|---|---|---|---|---|---|---|---|---|
| Not withdrawn | Not Lost | not damaged | Central Library, IIT Bhubaneswar | Central Library, IIT Bhubaneswar | 11/12/2015 | 823.954 GOP/T | 6350 | 11/12/2015 | General Books |